Statistics for World Geography by letter R

Click here to take the quiz!

General Stats

  • This quiz has been taken 65 times
  • The average score is 11 of 15

Answer Stats

HintAnswer% Correct
Largest Country in the WorldRussia
100%
Transylvania was given to this Country after World War 2Romania
98%
City in the NetherlandsRotterdam
95%
One of the most used European rivers, in Central EuropeRhine river
92%
Most spoken language in BelarusRussian
92%
Country in the East African FederationRwanda
92%
Capital of MoroccoRabat
90%
Capital of Saudi ArabiaRiyadh
89%
Capital of North CarolinaRaleigh
82%
Sea that sits West of the Arabian PeninsulaRed Sea
79%
Capital of DominicaRoseau
65%
River Southwest of UruguayRio De La Plata
53%
Largest State in IndiaRajasthan
37%
German region, East of Benelux and FranceRhineland
31%
Indonesian province in the South China SeaRiau islands
8%

Score Distribution

Percentile by Number Answered

Percent of People with Each Score

Your Score History

You have not taken this quiz